Bankovníctvo Aktuálne otázky v prechode na trhové hospodárstvo

Salvato in:
Dettagli Bibliografici
Autore principale: Gallo, Pavol
Ente Autore: Vysoká škola ekonomická v Bratislave. Národohospodárska fakulta
Natura: Libro
Lingua:slovacco
Pubblicazione: Bratislava VŠE 1991
Edizione:1. vyd.
Tags: Aggiungi Tag
Nessun Tag, puoi essere il primo ad aggiungerne!!

MARC

LEADER 00000nam a2200000 4500
001 c022219
005 20221214093213.8
041 0 |a slo 
044 |a SK 
245 1 0 |a Bankovníctvo  |b Aktuálne otázky v prechode na trhové hospodárstvo  |c Pavol Gallo 
250 |a 1. vyd. 
264 1 |a Bratislava  |b VŠE  |c 1991 
300 |a 164 s. 
100 1 |a Gallo, Pavol 
710 2 |a Vysoká škola ekonomická v Bratislave. Národohospodárska fakulta